Κατάλογος Βιβλιοθηκών Mediterranean College

The Trainee Handbook / A Guide for Counselling and Psychotherapy Trainees (Record no. 5103)

MARC details
000 -LEADER
fixed length control field 01390cam a22002174a 4500
005 - ΗΜΕΡΟΜΗΝΙΑ ΚΑΙ ΩΡΑ ΤΕΛΕΥΤΑΙΑΣ ΕΝΗΜΕΡΩΣΗΣ
Πεδίο ελέγχου 20250605164204.0
008 - FIXED-LENGTH DATA ELEMENTS--GENERAL INFORMATION
Πεδίο ελέγχου σταθερού μήκους 250528s ||||||||||||||||||||||||d
035 ## - SYSTEM CONTROL NUMBER
System control number 19857
020 ## - ISBN
ISBN 761958525
040 ## - ΠΗΓΗ ΚΑΤΑΛΟΓΟΓΡΑΦΗΣΗΣ
Φορέας πρωτότυπης καταλογογράφησης MC Athens Campus Library
Γλώσσα καταλογογράφησης Ελληνικά, Μοντέρνα (1453-)
Modifying agency MC Athens Campus Library
Κανόνες περιγραφικής καταλογογράφησης AACR2
245 1# - ΤΙΤΛΟΣ ΚΑΙ ΔΗΛΩΣΗ ΥΠΕΥΘΥΝΟΤΗΤΑΣ
Τίτλος The Trainee Handbook / A Guide for Counselling and Psychotherapy Trainees
250 ## - EDITION STATEMENT
Edition statement 1st
260 ## - PUBLICATION, DISTRIBUTION, ETC.
Name of publisher, distributor, etc. Sage Publications,
Date of publication, distribution, etc. 1999
300 ## - PHYSICAL DESCRIPTION
Extent 290
520 ## - SUMMARY, ETC.
Summary, etc. This book gives a comprehensive overview and a supportive guide to the practical, technical and administrative issues faced by trainees on counselling, counselling psychology and psychotherapy courses. Introduction, Training Routes for Counsellors and Counselling Psychologists and Psychotherapists, Effective Essay Writing, How to Write a Client Case Study, How to Write a Client Case Study, How to Write a Process Report, Written Communication about Clients, The Clinical Placement in Mental Heath Training, Supervision, Getting the Most out of Personal Therapy, The First Session with a New Client: Five Stages, What Do I Do If? Questions Commonly asked by Trainees, Guidelines for Professional Practice, Psychopharmacology: A Primer, Planning and Conducting and Writing Up Research, A Trainee's Perspective, Preparing for a Job, Index.
700 1# - ΠΡΟΣΘΕΤΗ ΑΝΑΓΡΑΦΗ--ΦΥΣΙΚΟ ΠΡΟΣΩΠΟ
Personal name Bor Robert
9 (RLIN) 6020
700 1# - ΠΡΟΣΘΕΤΗ ΑΝΑΓΡΑΦΗ--ΦΥΣΙΚΟ ΠΡΟΣΩΠΟ
Personal name Watts Mary
9 (RLIN) 6021
942 ## - ADDED ENTRY ELEMENTS (KOHA)
Koha item type Books
Holdings
Τύπος τεκμηρίου Βιβλιοθήκη Τρέχουσα τοποθεσία Barcode Αριθμός εισαγωγής Ημερομηνία απόκτησης Ταξιθετικό σύμβολο Αριθμός αντιτύπου Κατάσταση απόσυρσης Κατάσταση χαμένου Κατάσταση κατεστραμμένου Μη δανεισμός Σύνολο δανεισμών Ημερομηνία τελευταίας εμφάνισης Η τιμή ισχύει από
Books MC Athens Campus Library MC Athens Campus Library 9780000051028 5973 05/06/2025 361.06 BOR 1           05/06/2025 05/06/2025

MC Athens Campus Library
Πατησίων 94 & Κοδριγκτώνος 13, 104 34
Πελλήνης 8 & Πατησίων 107, 112 51
Τ: +30 210 8899600

MC Thessaloniki Campus Library
Ίωνος Δραγούμη 21, 54625 | Ίωνος Δραγούμη 15, 54625
Τ: +30 2310 287779 – Τ: +30 2314 440300